KOHA-Header-6

الرحیق المختوم (Record no. 13441)

000 -LEADER
fixed length control field 00303nam a22001097a 4500
082 ## - DEWEY DECIMAL CLASSIFICATION NUMBER
Classification number 297.63
100 ## - MAIN ENTRY--AUTHOR NAME
Personal name مولانا صفی الرحمن مبارک پوری
245 ## - TITLE STATEMENT
Title الرحیق المختوم
260 ## - PUBLICATION, DISTRIBUTION, ETC. (IMPRINT)
Place of publication لاہور
Name of publisher المکتبہ السلفیہ
Year of publication 2003
300 ## - PHYSICAL DESCRIPTION
Number of Pages 656 pages
942 ## - ADDED ENTRY ELEMENTS (KOHA)
Koha item type Books
Holdings
Withdrawn status Lost status Collection code Permanent Location Current Location Shelving location Date acquired Full call number Accession Number Koha item type
    Islamic Studies MAJU MAJU Shelf No.A-9 2022-11-23 297.63 10514 Books

Powered by Koha